|
|
|
|
| LEADER |
00000cab a2200000 a 4500 |
| 001 |
026381 |
| 003 |
UAHC_CL |
| 005 |
20180809120017.0 |
| 008 |
030814b xx j 000 1 spa |
| 952 |
|
|
|0 0
|1 0
|4 0
|6 BOLETIN_JURIDICO07_05_000000000000000
|7 0
|8 General
|9 53251
|a BC
|b BC
|c General
|d 2017-08-03
|l 0
|o BOLETIN JURIDICO-07/05
|p FICTICIO1153
|r 2019-01-08 00:00:00
|t 1
|w 2017-08-03
|y REVA
|
| 999 |
|
|
|c 26381
|d 26381
|
| 040 |
|
|
|a UAHC_CL
|c UAHC_CL
|d UAHC_CL
|
| 100 |
1 |
|
|a Arellano Quintana, Jaime
|
| 245 |
1 |
0 |
|a Resolución alternativa de conflictos :
|b de una cultura del conflicto a una cultura del acuerdo /
|c Jaime Arellano Quintana.
|
| 260 |
|
|
|b Ministerio de Justicia
|c 2005
|a Santiago, Chile
|
| 300 |
|
|
|a pp. 7-8
|
| 500 |
|
|
|a En: Boletín Jurídico, n˚7, 2005. pp. 7-8.
|
| 653 |
|
|
|a DERECHO
|
| 773 |
0 |
|
|t Boletín jurídico del Ministerio de Justicia.
|w 026380
|
| 900 |
|
|
|a BOLETIN JURIDICO-07/05
|
| 942 |
|
|
|c REVA
|2 ddc
|